Yoga and ayurveda (Record no. 310512)

MARC details
000 -LEADER
fixed length control field 00486 a2200193 4500
005 - DATE & TIME
control field 20240715130049.0
008 - FIXED-LENGTH DATA ELEMENTS--GENERAL INFORMATION
fixed length control field 240712b |||||||| |||| 00| 0 eng d
020 ## - ISBN
International Standard Book Number 9781914187681
Price Rs. 115.00
040 ## - CATALOGING SOURCE
Original cataloging agency VIVEKANANDA LIBRARY
082 ## - DDC NUMBER
Classification number 613.7046
Book Number F336Y
100 ## - MAIN ENTRY--PERSONAL NAME
Personal name Felman, Adam
245 ## - TITLE STATEMENT
Title Yoga and ayurveda
260 ## - PUBLICATION, DISTRIBUTION, ETC. (IMPRINT)
Name of publisher, distributor, etc Random Publishing
Date of publication, distribution, etc 2023
Place of publication, distribution, etc Middlesex
300 ## - PHYSICAL DESCRIPTION
Pages viii, 252
650 ## - Subject
Subject Ayurveda
650 ## - Subject
Subject Yoga Philosophy
650 ## - Subject
Subject Ayurvedic Medicine
942 ## - ADDED ENTRY ELEMENTS (KOHA)
Koha item type Books
Holdings
Withdrawn status Lost status Source of classification or shelving scheme Damaged status Not for loan Location (home branch) Sublocation or collection (holding branch) Shelving location Date acquired Koha issues (times borrowed) Koha full call number Accession No. Koha date last seen Koha item type
    Dewey Decimal Classification     VIVEKANANDA LIBRARY VIVEKANANDA LIBRARY Vivekananda Library 23/02/2024   613.7046 F336Y 409465 23/02/2024 Books
© Designed and Maintained by Vivekananda Library, MDU Rohtak